000 00560nam a2200181Ia 4500
005 20250508160212.0
008 008 250505s9999 xx 000 0 eng d
037 _aBooks to be hide in OPAC
040 _aFEDL
_beng
_cFEDL
041 _aeng
_2eng
084 _qFEDL
245 0 _aStatistics of certain manual training, agricultural, and industrial schools, 1913-1914
260 _aWashington, USA
_bU.S. Government Printing Office
_c1915
300 _a79p.
490 _aUnited State Bureau of Education
942 _cHB
999 _c1362625
_d1362625